Tilastot visalle Valtioita kuvien mukaan #4

Klikkaa tästä pelataksesi tätä visaa!

Yleistilastot

  • Tätä visaa on pelattu 753 kertaa
  • Keskiarvotulos 7 / 15

Vastaustilastot

Vastaus% Oikein
Kreikka
95%
Pohjois-Korea
94%
Italia
88%
Nepal
73%
Kiina
66%
Marokko
45%
Sudan
43%
Myanmar
36%
Belgia
34%
Portugali
31%
Meksiko
27%
Monaco
26%
Pakistan
25%
Mali
22%
Sri Lanka
14%

Tulosjakauma

Persentiili vastausten määrän mukaan

Jokaisen tuloksen saaneiden osuus

Tuloshistoriasi

Et ole pelannut tätä visaa